000 00574nam a2200229Ia 4500
003 OSt
005 20220924145810.0
006 a|||||r|||| 00| 0
007 ta
008 220923b |||||||| |||| 00| 0 tel d
024 _a330261
037 _cTextual
040 _aARTS
_cARTS
_btel
041 _2tel
_atel
082 _aO15,2:g, 35L9
100 _aMurty
_9220581
245 0 _aSrinivasalu sankruta bama sahityamu
260 _c1979
650 _aSANSKRIT LITERATURE
942 _hO15,2:g, 35L9
_cTEXL
_2CC
999 _c461181
_d461181